000 00946nab a2200289 4500
003 BR-BrBNA
005 20241114105841.0
008 241114b bl.||||| |||| 00| 0 por d
040 _aBR-BrBNA
_bpor
072 _aE20 ; E16 ; E70
_b0940
100 _aDeleo, João Paulo Bernardes
245 _aGestão sustentável da viticultura no Vale do São Francisco
500 _a12 illus.; 3 tables
650 _aVITICULTURA
650 _aUVA
650 _aEXPORTAÇÃO
650 _aGESTÃO
650 _aSUSTENTABILIDADE
650 _aCUSTO DE PRODUÇÃO
650 _aMÃO-DE-OBRA
650 _aCOMERCIALIZAÇÃO
650 _aINSUMOS
650 _aVALE DO SÃO FRANCISCO
773 0 _04115
_9345468
_dPiracicaba-SP Centro de Estudos Avançados em Economia Aplicada-CEPEA/USP/ESALQ 2002
_o2024-6020
_tHortifruti Brasil (Brazil)
_x1981-1837
_gv. 9(93) p. 8-17; (Aug 2010)
_wBR2024003375
942 _cANA
999 _c328642
_d328642